Reality of benchmarking at the local government level in Slovakia

Analýza benchmarkingu na úrovni miestnych samospráv na území Slovenska.

Salvato in:
Dettagli Bibliografici
Autore principale: Mikušová Meričková, Beáta
Natura: Capitolo di libro
Lingua:inglese
Soggetti:
Tags: Aggiungi Tag
Nessun Tag, puoi essere il primo ad aggiungerne!!

MARC

LEADER 00000naa a2200000 4500
001 0156805
005 20231204085732.4
041 0 |a eng 
044 |a CZ 
245 1 0 |a Reality of benchmarking at the local government level in Slovakia  |c Beáta Mikušová Meričková 
520 |a Analýza benchmarkingu na úrovni miestnych samospráv na území Slovenska. 
610 2 0 |a Slovensko 
610 2 0 |a samospráva 
610 2 0 |a správa verejná 
610 2 0 |a benchmarking 
100 1 |a Mikušová Meričková, Beáta